Prensa y congreso: una relación conflictiva /
El autor analiza la naturaleza de la relación entre la prensa y la Asamblea Legislativa, la cual está determinada por el tipo de régimen en que se desarrollan una y otra instancia. Costa Rica es una democracia liberal que, como tal, supone la existencia de determinadas instituciones y el ejercicio d...
Salvato in:
| Autore principale: | |
|---|---|
| Natura: | testo |
| Soggetti: | |
| Tags: |
Aggiungi Tag
Nessun Tag, puoi essere il primo ad aggiungerne!!
|
MARC
| LEADER | 00000 a a2200000 04500 | ||
|---|---|---|---|
| 001 | 16992 | ||
| 003 | |||
| 040 | |||
| 100 | |a Lizano Calzada, Ricardo | ||
| 245 | |a Prensa y congreso: |b una relación conflictiva / |c Ricardo Lizano Calzada | ||
| 520 | |a El autor analiza la naturaleza de la relación entre la prensa y la Asamblea Legislativa, la cual está determinada por el tipo de régimen en que se desarrollan una y otra instancia. Costa Rica es una democracia liberal que, como tal, supone la existencia de determinadas instituciones y el ejercicio de algunas libertades pues, de lo contrario, no sería lo que es. A pesar de que el Congreso y la prensa tienen su propio campo de acción (establecidos incluso en el ordenamiento jurídico) ambos forman parte del régimen liberal democrático y eso determina tanto las potestades como los límites de uno y otra. Los estudiosos establecen con claridad que "el periodismo de una nación no puede exceder los límites permitidos por una sociedad |a por otro lado, no puede quedarse atrás". Esta afirmación ubica puntualmente las posibilidades de acción del periodismo y evidencia que, casi por definición, las relaciones de prensa y Asamblea Legislativa son necesariamente conflictivas. Tanto los periodistas como los diputados actúan sobre una realidad a la que -en la mayoría de los casos- se aproximan desde puntos de vista opuestos, toda vez que entre el descubrimiento de la noticia y la pretensión de que ella sea idéntica a la de un interés particular (el del político) normalmente aflora la discrepancia y el conflicto. En detalle el artículo analiza: la Asamblea Legislativa como fuente de noticias |a la noticia parlamentaria en sí |a las quejas de descontento de la institución y los diputados hacia la prensa |a la relación entre la prensa y la política y por último la relación conflictiva entre los periodistas y diputados por la acción misma de la fuente de información, el acontecer del Congreso. HB/HMBQ | ||
| 650 | |a PARLAMENTO | ||
| 650 | |a MEDIOS DE COMUNICACION | ||
| 650 | |a ASPECTOS POLITICOS | ||
| 650 | |a SOCIEDAD CIVIL | ||
| 650 | |a ASPECTOS JURIDICOS | ||
| 650 | |a DEMOCRACIA | ||
| 650 | |a PRENSA | ||
| 773 | |g volumen 4, número 1; páginas 55-63 | ||
| 999 | |c 26266 |d 26266 | ||
